|
|
|
|
| LEADER |
02177nam a2200589 i 4500 |
| 001 |
nkc20193157289 |
| 003 |
CZ PrNK |
| 005 |
20191213100334.0 |
| 007 |
ta |
| 008 |
191104s2018 xr acehf 001 0dcze |
| 015 |
|
|
|a cnb003157289
|
| 020 |
|
|
|a 978-80-87646-23-6
|q (vázáno)
|
| 035 |
|
|
|a (OCoLC)1135587605
|
| 040 |
|
|
|a OLA001
|b cze
|e rda
|
| 041 |
0 |
|
|a cze
|b eng
|
| 043 |
|
|
|a e-xr---
|b e-xr-pl
|2 czenas
|
| 045 |
|
|
|a w-y-
|
| 072 |
|
7 |
|a 37.09
|x Organizace výuky a vzdělávání
|2 Konspekt
|9 22
|
| 080 |
|
|
|a 37.091(091)
|2 MRF
|
| 080 |
|
|
|a 377.8
|2 MRF
|
| 080 |
|
|
|a 37.011.3-051
|2 MRF
|
| 080 |
|
|
|a (437.317)
|2 MRF
|
| 080 |
|
|
|a (0:82-94)
|2 MRF
|
| 080 |
|
|
|a (048.8)
|2 MRF
|
| 100 |
1 |
|
|a Morávková, Naděžda,
|d 1961-
|7 xx0087623
|4 aut
|
| 245 |
1 |
0 |
|a Dějiny učitelského vzdělávání v Plzni /
|c Naděžda Morávková
|
| 264 |
|
1 |
|a Praha :
|b ViaCentrum, s.r.o.,
|c 2018
|
| 300 |
|
|
|a 262 stran :
|b ilustrace, portréty, plány, faksimile ;
|c 22 cm
|
| 336 |
|
|
|a text
|b txt
|2 rdacontent
|
| 337 |
|
|
|a bez média
|b n
|2 rdamedia
|
| 338 |
|
|
|a svazek
|b nc
|2 rdacarrier
|
| 500 |
|
|
|a 500 výtisků
|
| 504 |
|
|
|a Obsahuje bibliografii, bibliografické odkazy a rejstřík
|
| 546 |
|
|
|a Anglické resumé
|
| 648 |
|
7 |
|a 16.-21. století
|7 ch757033
|2 czenas
|
| 650 |
0 |
7 |
|a dějiny školství
|7 ph536908
|z Česko
|y 16.-21. století
|2 czenas
|
| 650 |
0 |
7 |
|a vzdělávání učitelů
|7 ph158324
|z Česko
|y 19.-21. století
|2 czenas
|
| 650 |
0 |
7 |
|a pedagogové
|7 ph137912
|z Česko
|y 19.-21. století
|2 czenas
|
| 650 |
0 |
9 |
|a history of education
|z Czechia
|y 16th-21st centuries
|2 eczenas
|
| 650 |
0 |
9 |
|a teacher education
|z Czechia
|y 19th-21st centuries
|2 eczenas
|
| 650 |
0 |
9 |
|a educationalists
|z Czechia
|y 19th-21st centuries
|2 eczenas
|
| 651 |
|
7 |
|a Plzeň (Česko)
|7 ge130439
|2 czenas
|
| 651 |
|
9 |
|a Plzeň (Czechia)
|2 eczenas
|
| 655 |
|
7 |
|a medailony
|7 fd185951
|2 czenas
|
| 655 |
|
7 |
|a monografie
|7 fd132842
|2 czenas
|
| 655 |
|
9 |
|a biographical portraits
|2 eczenas
|
| 655 |
|
9 |
|a monographs
|2 eczenas
|
| 910 |
2 |
|
|a BOA001
|b 2-1439.013
|
| 990 |
|
|
|a BK
|
| 995 |
|
|
|a 01
|
| 991 |
|
|
|b 201911
|c NOV
|
| 996 |
6 |
|
|b 2610805322
|c 2-1439.013
|l MZK
|r Sklad / do 1 hodiny
|n 0
|p p.v.
|w 001766832
|u 000010
|a 1
|e BOA001
|j MZK50
|s P
|